000 00833cam a22002651 4500
001 sa 65001307
003 DLC
005 20260227112108.0
008 880726m19619999io 000 0 ind
010 _asa 65001307
035 _a(OCoLC)18275384
040 _aDLC
_cICRL
_dDLC
041 0 _aindara
042 _apremarc
050 0 0 _aBP104.4
_b.B3
130 0 _aQurʼan.
_lIndonesian.
245 1 3 _aal-Qurän-ul-hakim, beserta terdjemah dan tafsirnja;
_cdiselenggarakan oleh H.M. Kasim Bakery, Imam M. Nur Idris [dan] A. Dt. Madjoindo.
260 _a[Djakarta]
_bDjambatan
_c[1961]-
300 _av.
_c25 cm.
500 _aIndonesian and Arabic.
500 _aErrata leaf inserted.
700 1 _aBakry, H. M. K.,
_eed.
700 1 _aIdris, Muhammad Nur,
_cImam,
_eed.
700 1 _aMadjoindo, A. Dt.
_q(Aman Dt.),
_d1895-
_eed.
999 _c62014
_d62014